Welcome to the Holygrace Academy Library

Please use search bar below to get started

A TIGER FOR MALGUDI (Record no. 3603)

MARC details
000 -LEADER
fixed length control field 00611nam a22001457a 4500
020 ## - INTERNATIONAL STANDARD BOOK NUMBER
ISBN 978-81-85986-11-1
082 ## - DEWEY DECIMAL CLASSIFICATION NUMBER
Classification number 823
Item number NAR/T
100 ## - MAIN ENTRY--AUTHOR NAME
Personal name NARAYAN, R.K
245 ## - TITLE STATEMENT
Title A TIGER FOR MALGUDI
260 ## - PUBLICATION, DISTRIBUTION, ETC. (IMPRINT)
Place of publication MYSORE
Name of publisher INDIAN THOUGHT PUBLICATIONS
Year of publication 2010
300 ## - PHYSICAL DESCRIPTION
Number of Pages 176
520 ## - SUMMARY, ETC.
Summary, etc The tiger recounts his story of capture by a circus owner, but he never tried to escape. He lived freely in the wild jungles of India in his youth. He mates and has a litter with a tigress, and raises a litter until one day he finds that hunters have captured and killed his entire family.
650 ## - SUBJECT ADDED ENTRY--TOPICAL TERM
Topical Term NOVEL
Geographic subdivision INDIA
942 ## - ADDED ENTRY ELEMENTS (KOHA)
Koha item type Books
Holdings
Withdrawn status Lost status Collection code Home library Current library Shelving location Date acquired Source of acquisition Cost, normal purchase price Full call number Accession Number Koha item type
    Fiction Main Library Main Library SHELF-14-I- ALPHABETICAL N,O --ENGLISH NOVELS & FICTIONS 12/10/2012 purchase 100.00 823 NAR/T 07124 Books